| 000 | 00400nam a2200157Ia 4500 | ||
|---|---|---|---|
| 008 | 230917s9999||||xx |||||||||||||| ||und|| | ||
| 040 |
_e203256 _aMAIN |
||
| 041 | _aEnglish | ||
| 082 | _a327 G341I | ||
| 100 | _aGhai, U.R. | ||
| 245 | 0 | _aInternational politics: theory and practice | |
| 250 | _a10th ed. | ||
| 260 |
_aJalandhar _bNew academic publishing _c2004 |
||
| 300 | _a413 p. | ||
| 942 | _cBK | ||
| 999 |
_c167534 _d167534 |
||